Statistics for Top 50 NFL RBs

Click here to take the quiz!

General Stats

  • This quiz has been taken 136 times
  • The average score is 36 of 50

Answer Stats

HintRB% Correct
TEN #22Derrick Henry
98%
NOS #41Alvin Kamara
97%
IND #28Jonathan Taylor
97%
CLE #24Nick Chubb
97%
CIN #28Joe Mixon
96%
MIN #33Dalvin Cook
94%
GBP #33Aaron Jones
93%
NYG #26Saquon Barkley
93%
DAL #21Ezekiel Elliott
92%
PIT #22Najee Harris
92%
NEP #37Damien Harris
91%
LVR #28Josh Jacobs
91%
LAC #30Austin Ekeler
90%
CAR #22Christian McCaffrey
89%
CLE #27Kareem Hunt
85%
ATL #84Cordarrelle Patterson
83%
TBB #28Leonard Fournette
82%
KAN #31Darrel Williams
81%
DET #30Jamaal Williams
81%
DEN #33Javonte Williams
81%
DET #32D'Andre Swift
80%
CHI #32David Montgomery
80%
ARI #6James Conner
79%
GBP #28A.J. Dillon
77%
WAS #24Antonio Gibson
77%
JAX #30James Robinson
77%
DAL #20Tony Pollard
77%
LAR #23Cam Akers
73%
BAL #27JK Dobbins
73%
BAL #35Gus Edwards
70%
PHI #28Miles Sanders
70%
SEA #20Rashaad Penny
70%
SEA #32Chris Carson
67%
DEN #25Melvin Gordon
67%
SFF #31Raheem Mostert
66%
KAN #25Clyde Edwards-Helaire
64%
NOS #14Mark Ingram Jr.
59%
LAR #27Darrell Henderson
58%
MIN #25Alexander Mattison
56%
SFF #25Elijah Mitchell
52%
NYJ #32Michael Carter
47%
MIA #28Duke Johnson
45%
KAN #1Jerick McKinnon
44%
IND #21Nyheim Hines
44%
ARI #2Chase Edmonds
43%
WAS #41J.D. McKissic
36%
PHI #14Kenneth Gainwell
36%
HOU #28Rex Burkhead
36%
LAR #25Sony Michel
36%
BAL #33Devonta Freeman
28%

Score Distribution

Percentile by Number Answered

Percent of People with Each Score

Your Score History

You have not taken this quiz